000 00673nam a2200229Ia 4500
003 OSt
005 20220923224911.0
006 a|||||r|||| 00| 0
007 ta
008 220922b |||||||| |||| 00| 0 hin d
024 _a253,422
037 _cTextual
040 _aARTS
_cARTS
_bhin
041 _2hin
_ahin
082 _aO152,3N291x, J8
245 0 _aराजेन्द्र यादव के दो लघु उपन्यास
246 _aRājendra yādav ke do laghu upanyāsa
260 _c1958
650 _aहिन्दी साहित्य
_9156264
942 _hO152,3N291x, J8
_cTEXL
_2CC
999 _c374519
_d374519